000 00584nam a2200229Ia 4500
003 OSt
005 20220924150701.0
006 a|||||r|||| 00| 0
007 ta
008 220923b |||||||| |||| 00| 0 tel d
024 _a334178
037 _cTextual
040 _aARTS
_cARTS
_btel
041 _2tel
_atel
082 _aO35,2NKA,2, K0
100 _aKanvasree
_9222684
245 0 _aMayabazar or sasirekhapari nayamu
260 _c1960
650 _aTELUGU DRAMA
_9173432
942 _hO35,2NKA,2, K0
_cTEXL
_2CC
999 _c464163
_d464163